| 000 | 00680nam a2200217 a 4500 | ||
|---|---|---|---|
| 001 | 43657 | ||
| 003 | BD-RjUL | ||
| 005 | 20211209053730.0 | ||
| 008 | 160626s1967 pk 000 0 eng | ||
| 035 | _a(BD-RjUL)43775 | ||
| 040 |
_aDLC _cDLC _dDLC _dBD-RjUL _beng |
||
| 041 | _aeng | ||
| 082 | 0 | 0 |
_223 _a343.54907 _bLAB 1967 |
| 245 | 1 | 0 |
_aLabour code of Pakistan (central) : _b including mining legislation / _cwith commentary by, M. Shafi. |
| 250 | _a1967 ed. | ||
| 260 |
_aKarachi : _bBureau of Labour Publications, _c1967. |
||
| 300 |
_aviii, 561, 210 p. ; _c25 cm. |
||
| 650 | 0 |
_aLabor laws and legislation _zPakistan. _9134148 |
|
| 700 | 1 |
_aShafi, M. _9134149 |
|
| 942 |
_2ddc _cBK |
||
| 999 |
_c43657 _d43657 |
||